000
002880000a22000970004500
100
1
_a
Wonderly, Guillermo
245
1
0
_a
Riview-articles: Less a Manifisto t6han an eirenicom
300
_a
Vol.40, núm.1 (December, 1996), Páginas 91-96
773
0
_t
Sewanee theological review
942
_c
ANA
999
_c
60301
_d
60301